00260 a2200109 4500001000700000040003500007100002100042240003800063245003300101300000700134362000900141157234 cEscola São Tomás de Aquino aSYPRIANO, Lilian10aQuem matou Honorato, o rato?lpor10aQuem matou Honorato, o rato? a310 a2007